| 000 | 01200nam a2200325 a 4500 | ||
|---|---|---|---|
| 001 | ebr10138703 | ||
| 003 | CaPaEBR | ||
| 006 | m u | ||
| 007 | cr cn||||||||| | ||
| 008 | 060110s2005 ne a fsb 001 0 eng d | ||
| 010 | _z 2006271622 | ||
| 015 |
_aGBA511215 _2bnb |
||
| 016 | 7 |
_z013105872 _2Uk |
|
| 020 | _z0750664525 (pbk.) | ||
| 040 |
_aCaPaEBR _cCaPaEBR |
||
| 035 | _a(OCoLC)213298540 | ||
| 050 | 1 | 4 |
_aHG6024.A3 _bL63 2005eb |
| 082 | 0 | 4 |
_a332.6457 _222 |
| 100 | 1 | _aLoader, David. | |
| 245 | 1 | 0 |
_aClearing and settlement of derivatives _h[electronic resource] / _cDavid Loader. |
| 260 |
_aAmsterdam : _bElsevier, _c2005. |
||
| 300 |
_axiii, 273 p. : _bill. |
||
| 504 | _aIncludes bibliographical references (p. [245]-247) and index. | ||
| 525 | _aIncludes CD-ROM. | ||
| 533 |
_aElectronic reproduction. _bPalo Alto, Calif. : _cebrary, _d2013. _nAvailable via World Wide Web. _nAccess may be limited to ebrary affiliated libraries. |
||
| 650 | 0 | _aDerivative securities. | |
| 655 | 7 |
_aElectronic books. _2local |
|
| 710 | 2 | _aebrary, Inc. | |
| 856 | 4 | 0 |
_uhttp://site.ebrary.com/lib/rucke/Doc?id=10138703 _zAn electronic book accessible through the World Wide Web; click to view |
| 999 |
_c185432 _d185432 |
||